|
|
|
|
| LEADER |
00000cam a22000004a 4500 |
| 001 |
musev2_2143 |
| 003 |
MdBmJHUP |
| 005 |
20230905040304.0 |
| 006 |
m o d |
| 007 |
cr||||||||nn|n |
| 008 |
100709s2011 hiu o 00 0 eng d |
| 010 |
|
|
|z 2010028966
|
| 020 |
|
|
|a 9780824861032
|
| 020 |
|
|
|z 0824861035
|
| 020 |
|
|
|z 9780824834746
|
| 035 |
|
|
|a (OCoLC)794925362
|
| 040 |
|
|
|a MdBmJHUP
|c MdBmJHUP
|
| 043 |
|
|
|a a-cc---
|
| 050 |
0 |
4 |
|a BP63.C5
|b F73 2011
|
| 082 |
0 |
|
|a 297.0951
|2 22
|
| 100 |
1 |
|
|a Frankel, James D.
|
| 245 |
1 |
0 |
|a Rectifying God's Name :
|b Liu Zhi's Confucian Translation of Monotheism and Islamic Law /
|c James D. Frankel.
|
| 264 |
|
1 |
|a Honolulu :
|b University of Hawaiʻi Press,
|c c2011.
|
| 264 |
|
3 |
|a Baltimore, Md. :
|b Project MUSE,
|c 2012
|
| 264 |
|
4 |
|c © c2011.
|
| 300 |
|
|
|a 1 online resource:
|b ill., map ;
|
| 336 |
|
|
|a text
|b txt
|2 rdacontent
|
| 337 |
|
|
|a computer
|b c
|2 rdamedia
|
| 338 |
|
|
|a online resource
|b cr
|2 rdacarrier
|
| 500 |
|
|
|a "Published with the support of the School of Pacific and Asian Studies, University of Hawaiʻi."
|
| 504 |
|
|
|a Includes bibliographical references (p. 225-235) and index.
|
| 505 |
0 |
|
|a The world of Liu Zhi -- Chinese Muslim tradition and Liu Zhi's legacy -- Liu Zhi's concepts and terminology -- Ritual as an expression of Chinese-Islamic simultaneity -- The spirit of ritual and the letter of the law -- Allah's Chinese name.
|
| 588 |
|
|
|a Description based on print version record.
|
| 600 |
1 |
0 |
|a Liu, Jielian,
|d fl. 1670-1724.
|t Tian fang dian li ze yao jie.
|
| 600 |
1 |
0 |
|a Liu, Jielian,
|d fl. 1670-1724
|x Influence.
|
| 650 |
|
0 |
|a Muslims
|z China
|x Intellectual life
|y 18th century.
|
| 650 |
|
0 |
|a Islam
|z China
|x Rituals.
|
| 650 |
|
0 |
|a Islam
|z China
|x History.
|
| 655 |
|
7 |
|a Electronic books.
|2 local
|
| 710 |
2 |
|
|a Project Muse.
|e distributor
|
| 830 |
|
0 |
|a Book collections on Project MUSE.
|
| 856 |
4 |
0 |
|z Texto completo
|u https://projectmuse.uam.elogim.com/book/2143/
|
| 945 |
|
|
|a Project MUSE - Custom Collection
|
| 945 |
|
|
|a Project MUSE - 2011 Asian and Pacific Studies
|
| 945 |
|
|
|a Project MUSE - 2011 Complete
|
| 945 |
|
|
|a Project MUSE - 2011 Philosophy and Religion
|